000 00584nam a2200193 a 4500
001 3263
005 20140414131928.0
008 060215s19uu xx 00 eng d
020 _a0-7214-0856-7
050 _aER
_bT743 1985
100 _aAinsworth, Alison
245 _aTown mouse and the country mouse (The) /
_cretold by Alison Ainsworth ; illustrated by John Dyke.
260 _aLeicesterashire, U.K :
_bLadybird Books,
_c1985.
300 _a51 p. : ill. ; cm.
440 _aRead it yourself, level 2; v.8
650 _aMice
_xFiction.
999 _c112112
_d112112